| 000 | 00360 a2200133 4500 | ||
|---|---|---|---|
| 000 | nam a22 7a 4500 | ||
| 100 | _aRaje, V N | ||
| 110 | _aRaje, V N | ||
| 245 | _aBiochemistry and Clinical Pathology for Second Year Diploma in Pharmacy | ||
| 250 | _aLatest edition | ||
| 260 |
_bCBS Publication _c2026 |
||
| 264 |
_bCBS Publication _c2026 |
||
| 942 | _cBK | ||
| 999 |
_c393654 _d393654 |
||